[Event "Manavgat Turkey Cup"]
[Site "Manavgat"]
[Date "2016.02.04"]
[Round "8"]
[White "Acer, Okan"]
[Black "Toren, Kadir"]
[Result "1-0"]
[WhiteElo "1657"]
[BlackElo "1400"]
[PlyCount "69"]
[EventDate "2016.01.30"]
[EventType "swiss"]
[EventRounds "11"]
[EventCountry "TUR"]
[SourceTitle "CBM 170 Extra"]
[Source "ChessBase"]
[SourceDate "2016.02.25"]
[SourceVersion "1"]
[SourceVersionDate "2016.02.25"]
[SourceQuality "1"]

1. e4 e5 2. Nf3 Nc6 3. d4 exd4 4. Nxd4 Qf6 5. Be3 Bc5 6. c3 Nge7 7. Bc4 d6 8. 0-0 0-0 9. Na3 a6 10. Nac2 Qg6 11. Nxc6 Nxc6 12. Bxc5 dxc5 13. Re1 Ne5 14. Be2 c6 15. f3 f5 16. f4 Ng4 17. Bxg4 fxg4 18. f5 Qg5 19. Qe2 Re8 20. Qc4+ Kh8 21. Qxc5 h5 22. Qe3 Qh4 23. Qf4 Qd8 24. Rad1 Qb6+ 25. Nd4 c5 26. Nb3 c4+ 27. Nd4 Rf8 28. Qg5 Qxb2 29. Qxh5+ Kg8 30. e5 b5 31. f6 Qxc3 32. Nc6 gxf6 33. Rd8 Qa3 34. Qg6+ Kh8 35. exf6 1-0